Properties of compatibilised kenaf-filled recycled high-density polyethylene/natural rubber blends under natural weathering condition (Record no. 75114)
[ view plain ]
| 000 -LEADER | |
|---|---|
| fixed length control field | 01900nam a22002297a 4500 |
| 100 ## - MAIN ENTRY--AUTHOR NAME | |
| Personal name | Viet, C.X |
| 245 ## - TITLE STATEMENT | |
| Title | Properties of compatibilised kenaf-filled recycled high-density polyethylene/natural rubber blends under natural weathering condition |
| 260 ## - PUBLICATION, DISTRIBUTION, ETC. (IMPRINT) | |
| Name of publisher | Journal of Rubber Research, 26(1): 17-26. |
| Year of publication | 2023 |
| 300 ## - PHYSICAL DESCRIPTION | |
| Other physical details | February |
| 520 ## - SUMMARY, ETC. | |
| Summary, etc | In this study, a novel polymeric blend was developed using recycled high-density polyethylene (rHDPE) and natural rubber (NR), along with kenaf fibre as a natural filler. In addition, the blends were compatibilised by maleic anhydride-grafted polyethylene (MAPE) and maleic anhydride-grafted natural rubber (MANR). In addition, this study focussed on the material’s properties after the natural weathering test. Results indicated that the tensile properties dropped over the period of natural weathering due to the chain scission of polymeric backbones and the degradation of kenaf fibre. It was found that the retention of properties after natural weathering was higher over the addition of kenaf fibre. When considering the tensile strength, adding only 10 phr of kenaf enabled to increase the retention up to 25% higher than the unfilled counterpart. However, the retained properties were limited for the blends with the addition of compatibilisers. Adding compatibilisers might speed up the degradation of the blends due to its tendency to promote degradation. This is very useful for plastic manufacturers to consider this material a choice either to act as a performance booster or a pro-degradant. |
| 650 ## - SUBJECT ADDED ENTRY--TOPICAL TERM | |
| Topical Term | High-density polyethylene |
| 650 ## - SUBJECT ADDED ENTRY--TOPICAL TERM | |
| Topical Term | Natural rubber |
| 650 ## - SUBJECT ADDED ENTRY--TOPICAL TERM | |
| Topical Term | Kenaf fibre |
| 650 ## - SUBJECT ADDED ENTRY--TOPICAL TERM | |
| Topical Term | Maleic anhydride |
| 650 ## - SUBJECT ADDED ENTRY--TOPICAL TERM | |
| Topical Term | Weathering resistance |
| 700 ## - ADDED ENTRY--PERSONAL NAME | |
| Personal name | Masa, A |
| 700 ## - ADDED ENTRY--PERSONAL NAME | |
| Personal name | Shuib, R.K |
| 700 ## - ADDED ENTRY--PERSONAL NAME | |
| Personal name | Ismail, H |
| 700 ## - ADDED ENTRY--PERSONAL NAME | |
| Personal name | Hayeemasae, N |
| 856 ## - ELECTRONIC LOCATION AND ACCESS | |
| Uniform Resource Identifier | https://doi.org/10.1007/s42464-023-00194-7 |
| 942 ## - ADDED ENTRY ELEMENTS (KOHA) | |
| Koha item type | Journals |
| Withdrawn status | Lost status | Damaged status | Not for loan | Home library | Current library | Date acquired | Koha item type |
|---|---|---|---|---|---|---|---|
| RRII Library | RRII Library | 20/11/2023 | Journals |